1243 1493 1978 1288 1282 1240 1479 1519 1545 1687 1310 1904 1168 1422 1427 1805 1096 1161 1319 1962 1283 1128 1508 1163 1842 1655 1345 1854 1581 1865 1823 1677 1966 1993 1287 1888 1155 1332 1664 1717 1345 1656 1929 1204 1786 1517 1738 1528 1031 1989 1474 1890 1892 1293 1717 1059 1381 1752 1225 1820 1024 1620 1530 1465 1669 1881 1330 1773 1992 1777 1076 1770 1552 1768 1478 1789 1924 1264 1558 1015 1183 1369 1667 1735 1207 1367 1347 1742 1658 1676 1097 1639 1875 1475 1633 1658 1388 1330 1168 BCNSPRNW ULIB Ver.6.0+V

เปลี่ยนเป็นภาษาไทย

Change to English
 แสดงรายละเอียดบรรณานุกรม
  กลับหน้าหลัก

Brief Record : Get Marc (ISO 2709) : E-mail record : QR code < ปิดหน้าต่าง
LEADER : 00000nam 2200000uu 4500
001    13399126464
003     ULIB
008    180918s2560||||th 000 0 tha d
020    ^a9786164403437
060    ^aWM55^bพ887ก
100    ^aเพ็ญนภา กุลนภาดล
245    ^aการปรึกษาครอบครัว=Family counseling
250    ^aพิมพ์ครั้งที่ 2
260    ^aกรุงเทพฯ :^bห้างหุ้นส่วนจำกัดแฮม คอมพิว ออฟเซท,^c2560
300    ^a239 หน้า;^b26 ซม.
650    ^aครอบครัว
650    ^aการให้การปรึกษา
945    ^p280^l0^i26676
945    ^p280^l0^i26677
999    ^aกัณชพ จุลอักษร
รายการนี้ยังไม่มีแท็ก
คุณยังไม่ได้ล็อกอิน คุณสามารถมีกิจกรรมร่วมกับเว็บไซต์ได้ แต่ต้องล็อกอินก่อน ::
  ล็อกอิน

รายการสื่อสารสนเทศ

ลำดับที่ ประเภท เลขเรียก/บาร์โค้ด สถานที่ สถานะ
1. หนังสือสำรอง
หนังสือสำรอง
WM55 พ887ก ฉ.1 
  Barcode: 26676
ห้องสมุดวิทยาเขตนครสวรรค์
►หนังสือทั่วไป:l:General Books
บนชั้น
2. วิทยาศาสตร์การแพทย์ และสุขภาพ
วิทยาศาสตร์การแพทย์ และสุขภาพ
WM55 พ887ก ฉ.2 
  Barcode: 26677
ห้องสมุดวิทยาเขตนครสวรรค์
►หนังสือทั่วไป:l:General Books
บนชั้น

รายการใกล้เคียง
    ชื่อเรื่อง [การปรึกษาครอบครัว=Family counseling]

    ผู้แต่ง [เพ็ญนภา กุลนภาดล]

    หัวเรื่อง [ครอบครัว]
    หัวเรื่อง [การให้การปรึกษา]

BibComment


ยังไม่เคยถูกคอมเมนท์

คอมเมนท์ทรัพยากรรายการนี้
  คอมเมนท์: การปรึกษาครอบครั..


 Copyright 2026. Bcnsprnw @Library